000 00882nam a2200253Ia 4500
003 OSt
005 20220916110921.0
006 a|||||r|||| 00| 0
007 ta
008 220915b |||||||| |||| 00| 0 hin d
024 _a268851
037 _cTextbook
040 _bhin
_aARTS
_cARTS
041 _ahin
082 _aO15vH5, 152J8;K0;1(EPS)
100 _aउपाध्याय, बलदेव
245 0 _aसंस्कृत साहित्य का इतिहास
246 _aSanskṛut sāhitya kā itihāsa
260 _aकाशी
_bहिन्दू विश्वविधालय भारत
_c1960
300 _a704पण्
_ccm.
650 _aहिन्दी साहित्य
942 _hO15vH5, 152J8;K0;1(EPS)
_cTB
_2CC
999 _c101348
_d101348